LEADER 01056nam0 2200289 i 450 001 SUN0006272 005 20120524123052.781 010 $a04-06-10260-0 100 $a20020816d1992 |0engc50 ba 101 $aeng 102 $aGB 105 $a|||| ||||| 200 1 $aJudicial review$fMichael Supperstone, James Goudie 205 $aLondon : Butterworths$b1992 210 $aLXXIV$d487 p. ; 26 cm 215 $aIn appendice: documenti. 620 $aGB$dLondon$3SUNL000015 676 $a347.41012$v21 700 1$aSupperstone$b, Michael$3SUNV005455$0552940 701 1$aGoudie$b, James$3SUNV005456$0730003 712 $aButterworths$3SUNV000216$4650 801 $aIT$bSOL$c20181109$gRICA 912 $aSUN0006272 950 $aUFFICIO DI BIBLIOTECA DEL DIPARTIMENTO DI GIURISPRUDENZA$d00 CONS VIII.En.19 $e00 5931 995 $aUFFICIO DI BIBLIOTECA DEL DIPARTIMENTO DI GIURISPRUDENZA$h5931$kCONS VIII.En.19$op$qa 996 $aJudicial review$91438840 997 $aUNICAMPANIA LEADER 01277nam 2200337z- 450 001 9910689626503321 005 20130410094233.0 035 $a(CKB)5860000000025589 035 $a(BIP)033787931 035 $a(EXLCZ)995860000000025589 100 $a20220406c2003uuuu -u- - 101 0 $aeng 200 10$aH.R. 1835, "National Security Readiness Act" $elegislative hearing before the Committee on Resources, U.S. House of Representatives, One Hundred Eighth Congress, first session, Tuesday, May 6, 2003 215 $a1 online resource (iv, 167 p.) $cill 311 $a0-16-071041-3 517 $aH.R. 1835, National Security Readiness Act 606 $aEndangered species$xLaw and legislation$zUnited States 606 $aHabitat conservation$xLaw and legislation$zUnited States 606 $aMilitary bases$zUnited States$xManagement 610 $aEndangered species 610 $aMilitary bases 610 $aNature conservation 610 $aNature 610 $aHistory 615 0$aEndangered species$xLaw and legislation 615 0$aHabitat conservation$xLaw and legislation 615 0$aMilitary bases$xManagement. 906 $aBOOK 912 $a9910689626503321 996 $aH.R. 1835, "National Security Readiness Act"$93179127 997 $aUNINA